Devinez le Département Mystère #15 - Statistiques

Statistiques générales
  • Ce quiz a été pris 268 fois
  • Le résultat moyen est 27 sur 38
Statistiques - réponses
Type de Réponse Réponse % Correct
Lettre Trouvée A
100%
Lettre Trouvée E
100%
Lettre de l'Alphabet N
100%
Lettre de l'Alphabet R
100%
Lettre Trouvée T
99%
Lettre Trouvée O
98%
Lettre de l'Alphabet L
97%
Lettre Trouvée S
97%
Lettre Trouvée H
96%
Lettre Trouvée I
96%
Lettre Trouvée U
95%
Lettre de l'Alphabet M
90%
Lettre de l'Alphabet C
87%
Lettre de l'Alphabet D
86%
Lettre Trouvée V
82%
Lettre de l'Alphabet G
76%
Lettre de l'Alphabet P
76%
Lettre de l'Alphabet B
70%
Lettre de l'Alphabet Y
65%
Lettre Bien Placée A
61%
Lettre Bien Placée E
61%
Lettre Bien Placée E
61%
Lettre Bien Placée H
61%
Lettre Bien Placée T
61%
Lettre Bien Placée U
61%
Lettre de l'Alphabet F
60%
Lettre de l'Alphabet Q
55%
Lettre de l'Alphabet X
53%
Lettre de l'Alphabet Z
53%
Lettre de l'Alphabet J
52%
Lettre Bien Placée A
48%
Département Mystère Haute-Savoie
48%
Lettre Bien Placée I
48%
Lettre de l'Alphabet K
48%
Lettre Bien Placée O
48%
Lettre Bien Placée S
48%
Lettre Bien Placée V
48%
Lettre de l'Alphabet W
48%
Aucun quiz correspondant
Distribution des résultats
% des personnes avec chaque résultat
Percentile par nombre de réponses
Votre historique - résultats
Vous n’avez pas pris ce quiz